Los colosos del boxeo (Record no. 64144)

MARC details
000 -LEADER
campo de control de longitud fija 00738nam a2200205 i 4500
001 - NÚMERO DE CONTROL
campo de control 64144
003 - IDENTIFICADOR DE NÚMERO DE CONTROL
campo de control ES-MaACL
007 - CAMPO FIJO DE DESCRIPCIÓN FÍSICA--INFORMACIÓN GENERAL
campo de control de longitud fija t|
008 - DATOS DE LONGITUD FIJA--INFORMACIÓN GENERAL
campo de control de longitud fija 031222s1954 sp ||||1| spa d
100 1# - ENTRADA PRINCIPAL--NOMBRE DE PERSONA
Nombre de persona Fleischer, Nat.
9 (RLIN) 51153
245 14 - MENCIÓN DEL TÍTULO
Título Los colosos del boxeo
Resto del título : historia de los campeonatos del mundo de los pesos pesados /
Mención de responsabilidad, etc. Nat Fleischer ; un capítulo adicional escrito por Miguel Arañó ; [traducción directa del inglés por Alberto de Mersseman].
260 ## - PUBLICACIÓN, DISTRIBUCIÓN, ETC.
Lugar de publicación, distribución, etc. Barcelona :
Nombre del editor, distribuidor, etc. Ed. Hispano Europea,
Fecha de publicación, distribución, etc. [1954]
300 ## - DESCRIPCIÓN FÍSICA
Extensión 368 p. ;
Dimensiones 21 cm.
490 1# - MENCIÓN DE SERIE
Mención de serie Herakles
700 1# - ENTRADA AGREGADA--NOMBRE PERSONAL
Nombre de persona Arañó, Miguel.
9 (RLIN) 22339
700 1# - ENTRADA AGREGADA--NOMBRE PERSONAL
Nombre de persona Mersseman, Alberto.
9 (RLIN) 80610
830 0# - PUNTO DE ACCESO ADICIONAL DE SERIE-TÍTULO UNIFORME
Título uniforme Herakles
9 (RLIN) 180867
852 ## - LOCALIZACIÓN
Ubicación ES-MaACL
Número de control de estantería C-9645
Sublocalización o colección R.37122
Holdings
Estatus retirado Estado de pérdida Estado de daño No para préstamo Biblioteca de origen Biblioteca actual Ubicación en estantería Fecha de adquisición Fuente de adquisición Total de préstamos Signatura topográfica completa Código de barras Visto por última vez Precio de reemplazo Tipo de ítem Koha
        Biblioteca del Ateneo de Madrid Biblioteca del Ateneo de Madrid Sala Palomar 17/01/2008     C-9645 1067222 23/02/2023 23/02/2023 Libro impreso